Giáo trình kỹ thuật soạn thảo văn bản kinh tế và quản trị doanh nghiệp
Cuốn sách đi sâu vào hướng dẫn cách soạn thảo một văn bản có chất lượng cao phục vụ cho công tác quản lý doanh nghiệp, gồm có: Sử dụng ngôn ngữ trong văn bản, soạn thảo hợp đồng kinh tế - Thương mại, hơp đồng dân sự, văn bản tổ chức qu...
Đã lưu trong:
| 主要作者: | |
|---|---|
| 其他作者: | |
| 格式: | 圖書 |
| 語言: | Undetermined |
| 出版: |
H.
Đại học Kinh tế Quốc dân
2011
|
| 主題: | |
| 在線閱讀: | http://lrc.tdmu.edu.vn/opac/search/detail.asp?aID=2&ID=18092 |
| 標簽: |
添加標簽
沒有標簽, 成為第一個標記此記錄!
|
| Thư viện lưu trữ: | Trung tâm Học liệu Trường Đại học Thủ Dầu Một |
|---|
| LEADER | 01296nam a2200217Ia 4500 | ||
|---|---|---|---|
| 001 | TDMU_18092 | ||
| 008 | 210410s9999 xx 000 0 und d | ||
| 082 | |a 651.3 | ||
| 090 | |b L561 | ||
| 100 | |a Lương, Văn Úc | ||
| 245 | 0 | |a Giáo trình kỹ thuật soạn thảo văn bản kinh tế và quản trị doanh nghiệp | |
| 245 | 0 | |c Lương Văn Úc(ch.b) | |
| 260 | |a H. | ||
| 260 | |b Đại học Kinh tế Quốc dân | ||
| 260 | |c 2011 | ||
| 300 | |a 377tr. | ||
| 520 | |a Cuốn sách đi sâu vào hướng dẫn cách soạn thảo một văn bản có chất lượng cao phục vụ cho công tác quản lý doanh nghiệp, gồm có: Sử dụng ngôn ngữ trong văn bản, soạn thảo hợp đồng kinh tế - Thương mại, hơp đồng dân sự, văn bản tổ chức quản lý doanh nghiệp, quản lý kinh tế doanh nghiệp...; TM tài liệu tham khảo tr.377 | ||
| 650 | |a Xử lí văn bảnvGiáo trình; Soạn thảo văn bản |x Doanh nghiệp | ||
| 700 | |a Trường Đại học Kinh tế Quốc dân | ||
| 856 | |u http://lrc.tdmu.edu.vn/opac/search/detail.asp?aID=2&ID=18092 | ||
| 980 | |a Trung tâm Học liệu Trường Đại học Thủ Dầu Một | ||